| 000 | 00395nam a2200121Ia 4500 | ||
|---|---|---|---|
| 008 | 210430s9999 xx 000 0 und d | ||
| 082 | _a620.11 C141 M | ||
| 100 |
_aWilliam D Callister,Jr _952261 |
||
| 245 |
_aMaterials Science and engineering An introduction 6th _cWilliam D Callister,Jr |
||
| 260 |
_aUnited States of America _bJohn Wiley & Sons _c2003 |
||
| 300 | _a820p. | ||
| 942 |
_cBK _2ddc |
||
| 999 |
_c562917 _d562917 |
||